| 000 | 00465nam a2200157 i 4500 | ||
|---|---|---|---|
| 001 | 87519 | ||
| 003 | ES-MaACL | ||
| 005 | 20230906175703.0 | ||
| 007 | t| | ||
| 008 | 041222s1957 sp ||||1| cat d | ||
| 100 | 1 |
_aKucera, Enrique. _968945 |
|
| 245 | 1 | 4 |
_aLes Illes Baleares _b: les perles de la Méditerranée / _cpar Henri Kucera. |
| 260 |
_aBarcelona : _bEnrique Kucera, _c[1957] |
||
| 300 |
_a114 p. : _bil. ; _c14 cm. |
||
| 852 |
_aES-MaACL _jC-17383 _bR.44294 |
||
| 999 |
_c87519 _d87519 |
||